000 01090nam0a22002771 4500
001 rc\4358559
005 20130416140805.9
021 _aRU
_b[66-45350ж]
035 _a(NLR Aleph) 008533509
090 _a8302590
_c8302590
100 _a20130416d1966 |||y0rusy50 ca
101 0 _arus
102 _aRU
105 _ab z |||||
200 1 _aГеография населения мира
_e[Сборник статей
_fОтв. ред. В.М. Гохман, И.М. Маергойз]
210 _aМосква
_cМысль
_d1966
215 _a223 с., 1 л. карт.
_cкарт.
_d22
225 1 _aНаучные сборники Московского филиала Географического общества СССР
_iВопросы географии
_vСб. 71
606 _aГеография населения
_jСборники
_2psbo
702 1 _aГохман
_bВ. М.
_gВениамин Максович
_4340
702 1 _aМаергойз
_bИ. М.
_4340
801 0 _aRU
_bNLR
_gpsbo
801 1 _aRU
_bELAR
_2rusmarc
852 _aNLR
_jП19/45
942 _cBOOK
980 _aNB